Magyar nyelvű tulajdonnév-felismerés maximum entrópia módszerrel

Elmentve itt :
Bibliográfiai részletek
Szerzők: Varga Dániel
Simon Eszter
Testületi szerző: Magyar Számítógépes Nyelvészeti Konferencia (4.) (2006) (Szeged)
Dokumentumtípus: Könyv része
Megjelent: 2006
Sorozat:Magyar Számítógépes Nyelvészeti Konferencia 4
Kulcsszavak:Nyelvészet - számítógép alkalmazása
Online Access:http://acta.bibl.u-szeged.hu/58613
LEADER 00796naa a2200205 i 4500
001 acta58613
005 20260224081030.0
008 190617s2006 hu o 100 spa d
020 |a 978-963-482-800-6 
040 |a SZTE Egyetemi Kiadványok Repozitórium  |b hun 
041 |a spa 
100 1 |a Varga Dániel 
245 1 0 |a Magyar nyelvű tulajdonnév-felismerés maximum entrópia módszerrel  |h [elektronikus dokumentum] /  |c  Varga Dániel 
260 |c 2006 
300 |a 32-38 
490 0 |a Magyar Számítógépes Nyelvészeti Konferencia  |v 4 
695 |a Nyelvészet - számítógép alkalmazása 
700 0 1 |a Simon Eszter  |e aut 
710 |a Magyar Számítógépes Nyelvészeti Konferencia (4.) (2006) (Szeged) 
856 4 0 |u http://acta.bibl.u-szeged.hu/58613/1/msznykonf_004_032-038.pdf  |z Dokumentum-elérés